[Event "FRA-chT2 South 0809"]
[Site "France"]
[Date "2009.03.14"]
[Round "8.2"]
[White "Mory, Eric"]
[Black "Vaisman, Volodia"]
[Result "1/2-1/2"]
[WhiteElo "2112"]
[BlackElo "2354"]
[PlyCount "71"]
[EventDate "2008.10.12"]
[EventType "team-tourn"]
[EventRounds "11"]
[EventCountry "FRA"]
[SourceTitle "EXT 2010"]
[Source "ChessBase"]
[SourceDate "2010.11.25"]
[SourceVersion "1"]
[SourceVersionDate "2010.11.25"]
[SourceQuality "1"]
[WhiteTeam "Hyeres II"]
[BlackTeam "Montpellier Diagonale"]
[WhiteTeamCountry "FRA"]
[BlackTeamCountry "FRA"]

1. d4 Nf6 2. c4 c5 3. Nf3 cxd4 4. Nxd4 b6 5. Nc3 Bb7 6. Bg5 d6 7. Bxf6 gxf6 8. e3 h5 9. Be2 h4 10. Bf3 Bxf3 11. Qxf3 Nd7 12. Qc6 Rc8 13. Qa4 e6 14. 0-0-0 Qc7 15. b3 Qb7 16. Ndb5 d5 17. Qxa7 Qc6 18. Kb2 Bb4 19. Qa4 Bxc3+ 20. Nxc3 dxc4 21. Rd4 Qxa4 22. Nxa4 cxb3 23. axb3 Rc7 24. Rhd1 Ke7 25. Rb4 Rg8 26. g3 hxg3 27. hxg3 Rc6 28. Rbd4 Rc7 29. b4 Rb8 30. Kb3 Nc5+ 31. Nxc5 bxc5 32. Rc1 f5 33. Rdc4 Rcb7 34. Rxc5 Rxb4+ 35. Kc3 Rb3+ 36. Kd2 1/2-1/2

[Event "FRA-ch Veterans"]
[Site "Pau"]
[Date "2008.08.20"]
[Round "8"]
[White "Tholey, Jean Paul"]
[Black "Vaisman, Volodia"]
[Result "0-1"]
[WhiteElo "1967"]
[BlackElo "2348"]
[PlyCount "82"]
[EventDate "2008.08.11"]
[EventType "swiss"]
[EventRounds "9"]
[EventCountry "FRA"]
[SourceTitle "CBM 126 Extra"]
[Source "ChessBase"]
[SourceDate "2008.11.05"]
[SourceVersion "1"]
[SourceVersionDate "2008.11.05"]
[SourceQuality "1"]

1. d4 g6 2. Nf3 Bg7 3. Bf4 Nf6 4. Nbd2 d6 5. e3 Nbd7 6. Bd3 0-0 7. c3 b6 8. Qc2 Bb7 9. h3 Qe8 10. e4 e5 11. dxe5 Nxe5 12. Nxe5 dxe5 13. Bh2 Nd7 14. 0-0 Nc5 15. Bc4 b5 16. Be2 Qc6 17. f3 a5 18. Kh1 a4 19. Rfd1 Ne6 20. Qd3 a3 21. b4 Ba6 22. Qe3 Bf6 23. Nb3 Bg5 24. Qd3 Rad8 25. Qc2 Bf4 26. Bg1 Bc8 27. Nc5 Rfe8 28. Rxd8 Rxd8 29. Rd1 Rd6 30. Bf2 Qe8 31. g3 Bh6 32. Kh2 Bf8 33. Qb3 Rxd1 34. Qxd1 Nxc5 35. Bxc5 Bxc5 36. bxc5 Qe6 37. g4 Qxa2 38. Kg3 Kg7 39. Bxb5 Be6 40. g5 h5 41. Qd8 h4+ 0-1

[Event "FRA-ch Veterans"]
[Site "Pau"]
[Date "2008.08.15"]
[Round "4"]
[White "Peyrin, Jean"]
[Black "Vaisman, Volodia"]
[Result "0-1"]
[WhiteElo "1980"]
[BlackElo "2348"]
[PlyCount "98"]
[EventDate "2008.08.11"]
[EventType "swiss"]
[EventRounds "9"]
[EventCountry "FRA"]
[SourceTitle "CBM 126 Extra"]
[Source "ChessBase"]
[SourceDate "2008.11.05"]
[SourceVersion "1"]
[SourceVersionDate "2008.11.05"]
[SourceQuality "1"]

1. d4 d6 2. c4 e5 3. Nf3 Nd7 4. Nc3 g6 5. e4 Bg7 6. Be2 c6 7. 0-0 Ngf6 8. h3 0-0 9. Be3 Re8 10. d5 c5 11. a3 Nh5 12. Re1 Bf8 13. b4 Ng7 14. Qd2 f5 15. Bg5 Be7 16. Bxe7 Qxe7 17. Qg5 b6 18. Qxe7 Rxe7 19. Reb1 Nf6 20. Nd2 Nge8 21. Rb2 Bd7 22. b5 Nxe4 23. Ndxe4 fxe4 24. Nxe4 Bf5 25. Ng3 Nf6 26. a4 a5 27. bxa6 Rxa6 28. Ra3 Rea7 29. Rab3 Nd7 30. Nxf5 gxf5 31. Rg3+ Kf8 32. Bd1 f4 33. Rg5 Nf6 34. Bc2 Rg7 35. Rxg7 Kxg7 36. Bf5 e4 37. Bc8 Rxa4 38. Rxb6 e3 39. fxe3 fxe3 40. Rb7+ Kf8 41. Rb8 Ke7 42. Kf1 Rxc4 43. Be6 Ne4 44. Ke2 Rc3 45. Rb7+ Kf6 46. Rb1 Ke5 47. Bg8 h5 48. g4 h4 49. Be6 Kf4 0-1

[Event "FRA-chT2 South 0708"]
[Site "France"]
[Date "2008.04.05"]
[Round "10.4"]
[White "Vaisman, Volodia"]
[Black "Lemeaux, David"]
[Result "1/2-1/2"]
[WhiteElo "2353"]
[BlackElo "2191"]
[PlyCount "85"]
[EventDate "2007.10.21"]
[EventType "team"]
[EventRounds "11"]
[EventCountry "FRA"]
[SourceTitle "EXT 2009"]
[Source "ChessBase"]
[SourceDate "2008.11.26"]
[SourceVersion "1"]
[SourceVersionDate "2008.11.26"]
[SourceQuality "1"]
[WhiteTeam "Montpellier Diagonale"]
[BlackTeam "Echiquier Bordelais"]
[WhiteTeamCountry "FRA"]
[BlackTeamCountry "FRA"]

1. Nf3 Nf6 2. c4 e6 3. Nc3 d5 4. d4 Be7 5. Bg5 0-0 6. e3 Nbd7 7. Qc2 c6 8. a3 Re8 9. Rd1 h6 10. Bh4 dxc4 11. Bxc4 Nd5 12. Bxe7 Qxe7 13. 0-0 Nxc3 14. Qxc3 b6 15. Rd2 Bb7 16. Rfd1 c5 17. Ne5 cxd4 18. Qxd4 Nxe5 19. Qxe5 Red8 20. f3 Rxd2 21. Rxd2 Rd8 22. Rd4 Rxd4 23. Qxd4 Qc7 24. b4 Bc6 25. Bd3 Bb7 26. Kf2 e5 27. Qh4 Qd6 28. Ke2 Kf8 29. Qg4 g6 30. h4 h5 31. Qc4 Kg7 32. Be4 Bxe4 33. Qxe4 Qe6 34. Qc2 Qe7 35. Qc4 Qd6 36. g3 Kf6 37. f4 exf4 38. gxf4 Qd7 39. Qc3+ Ke7 40. Qe5+ Kf8 41. Qh8+ Ke7 42. Qe5+ Kf8 43. Qh8+ 1/2-1/2

[Event "FRA-ch Seniors"]
[Site "Aix les Bains"]
[Date "2007.08.21"]
[Round "7"]
[White "Laval, Hubert"]
[Black "Vaisman, Volodia"]
[Result "0-1"]
[WhiteElo "1910"]
[BlackElo "2346"]
[PlyCount "66"]
[EventDate "2007.08.13"]
[EventType "swiss"]
[EventRounds "11"]
[EventCountry "FRA"]
[SourceTitle "CBM 120 Extra"]
[Source "ChessBase"]
[SourceDate "2007.11.01"]
[SourceVersion "1"]
[SourceVersionDate "2007.11.01"]
[SourceQuality "1"]

1. Nf3 g6 2. g3 Bg7 3. d4 Nf6 4. Bg2 0-0 5. 0-0 d6 6. c4 Nbd7 7. Nc3 e5 8. e3 Re8 9. d5 a5 10. e4 Nc5 11. Re1 Bd7 12. b3 Nh5 13. Be3 b6 14. Qc2 f5 15. Bg5 Qc8 16. exf5 Bxf5 17. Qd2 Rf8 18. Bh6 Bg4 19. Bxg7 Rxf3 20. Bh6 Rf7 21. Ne4 Nxe4 22. Bxe4 Nf6 23. Bg2 Bh3 24. Re2 Bxg2 25. Kxg2 a4 26. b4 Qg4 27. Rc1 e4 28. Qe3 Re8 29. h3 Qf3+ 30. Kg1 Qf5 31. Kg2 b5 32. g4 Nxg4 33. hxg4 Qxg4+ 0-1

[Event "Montpellier op"]
[Site "Montpellier"]
[Date "2006.12.??"]
[Round "7"]
[White "Bricard, Emmanuel"]
[Black "Vaisman, Volodia"]
[Result "1/2-1/2"]
[WhiteElo "2467"]
[BlackElo "2336"]
[PlyCount "47"]
[EventDate "2006.12.26"]
[EventType "swiss"]
[EventRounds "9"]
[EventCountry "FRA"]
[SourceTitle "CBM 116 Extra"]
[Source "ChessBase"]
[SourceDate "2007.03.07"]
[SourceVersion "1"]
[SourceVersionDate "2007.03.07"]
[SourceQuality "1"]

1. e4 c5 2. Nc3 e6 3. g3 d5 4. d3 dxe4 5. dxe4 Qxd1+ 6. Nxd1 b6 7. Ne3 Bb7 8. f3 Nc6 9. Bd2 Nf6 10. Nh3 Be7 11. Bg2 0-0-0 12. 0-0-0 h6 13. Nf2 Rd7 14. f4 Rhd8 15. c3 Na5 16. b3 Nc6 17. Kc2 b5 18. Rhe1 b4 19. e5 Ne8 20. cxb4 Nd4+ 21. Kc1 Nf3 22. Re2 Nd4 23. Ree1 Nf3 24. Re2 1/2-1/2

[Event "Montpellier op"]
[Site "Montpellier"]
[Date "2004.07.10"]
[Round "6"]
[White "Vaisman, Volodia"]
[Black "Philippe, Christophe"]
[Result "1/2-1/2"]
[WhiteElo "2373"]
[BlackElo "2335"]
[PlyCount "92"]
[EventDate "2004.07.05"]
[EventType "swiss"]
[EventRounds "9"]
[EventCountry "FRA"]
[SourceTitle "CBM 101 Extra"]
[Source "ChessBase"]
[SourceDate "2004.09.01"]
[SourceVersion "2"]
[SourceVersionDate "2004.09.01"]
[SourceQuality "1"]

1. d4 Nf6 2. Nf3 c5 3. d5 e6 4. c4 d6 5. Nc3 exd5 6. cxd5 g6 7. Bf4 a6 8. a4 Bg7 9. e4 0-0 10. Nd2 Qc7 11. Be2 Nbd7 12. 0-0 Ne5 13. h3 Nfd7 14. Bg3 g5 15. Qc2 Ng6 16. Bg4 Nde5 17. Bf5 Bd7 18. Bxd7 Qxd7 19. a5 Nf4 20. Ra3 Rab8 21. Na4 Qb5 22. Bxf4 gxf4 23. Nb6 Rfe8 24. Ndc4 Red8 25. Nxe5 Bxe5 26. Nc4 Qe8 27. Qe2 Kh8 28. Rb1 Qb5 29. Qc2 f6 30. Rb3 Qa4 31. Rc1 Rg8 32. Rb6 Qd7 33. Qb3 Rg7 34. Kf1 Rbg8 35. Ke2 Rxg2 36. Rxb7 Qe8 37. Rf1 f5 38. exf5 Bd4+ 39. Kd1 Rg1 40. Qd3 Rxf1+ 41. Qxf1 Qe4 42. Kc1 Qxd5 43. Rd7 Qxf5 44. Rxd6 f3 45. Qe1 Bf6 46. b3 Qf4+ 1/2-1/2

[Event "FRA-ch Veterans"]
[Site "Aix les Bains"]
[Date "2003.08.26"]
[Round "7"]
[White "Dufour, Jean"]
[Black "Vaisman, Volodia"]
[Result "0-1"]
[WhiteElo "1920"]
[BlackElo "2378"]
[PlyCount "58"]
[EventDate "2003.08.19"]
[EventType "swiss"]
[EventRounds "9"]
[EventCountry "FRA"]
[SourceTitle "EXT 2004"]
[Source "ChessBase"]
[SourceDate "2003.11.25"]
[SourceVersion "1"]
[SourceVersionDate "2003.11.25"]
[SourceQuality "1"]

1. e4 e6 2. d4 c5 3. c3 Nf6 4. Qc2 b6 5. Bg5 h6 6. Bh4 Bb7 7. f3 cxd4 8. cxd4 Nc6 9. Qa4 a6 10. e5 g5 11. Bf2 b5 12. Qd1 Nd5 13. Nd2 d6 14. a4 bxa4 15. Qxa4 dxe5 16. dxe5 Bb4 17. Rd1 Qd7 18. Ne2 Nxe5 19. Qxd7+ Nxd7 20. Nd4 Rc8 21. g3 e5 22. Nf5 Rc2 23. b3 Rb2 24. Bc4 Nc3 25. Ra1 Nb8 26. Be3 Bc8 27. Ng7+ Kf8 28. Nh5 Nb1 29. Kd1 Nxd2 0-1

[Event "Cap d'Agde CCAS op"]
[Site "Cap d'Agde "]
[Date "2002.10.28"]
[Round "7"]
[White "Bricard, Emmanuel"]
[Black "Vaisman, Volodia"]
[Result "1-0"]
[WhiteElo "2454"]
[BlackElo "2381"]
[PlyCount "107"]
[EventDate "2002.10.23"]
[EventType "tourn"]
[EventRounds "9"]
[EventCountry "FRA"]
[SourceTitle "EXT 2004"]
[Source "ChessBase"]
[SourceDate "2003.11.25"]
[SourceVersion "1"]
[SourceVersionDate "2003.11.25"]
[SourceQuality "1"]

1. e4 e5 2. f4 d5 3. exd5 e4 4. d3 Nf6 5. dxe4 Nxe4 6. Nf3 Nd7 7. Bd3 Ndf6 8. Qe2 Qe7 9. 0-0 Nc5 10. Nc3 Qxe2 11. Bxe2 Bd6 12. Nb5 0-0 13. c4 Re8 14. Nfd4 Bd7 15. Nxd6 cxd6 16. b3 Re7 17. Ba3 Rae8 18. Bf3 b6 19. b4 Nce4 20. Rfd1 Rc8 21. Rac1 Ree8 22. Bb2 h6 23. Rd3 a5 24. bxa5 bxa5 25. Nc6 Bxc6 26. dxc6 Rxc6 27. Re3 Rcc8 28. Rce1 Nc5 29. Rxe8+ Rxe8 30. Rxe8+ Nxe8 31. Bc3 a4 32. Kf2 Kf8 33. Ke3 Ke7 34. g4 g5 35. Bc6 Nf6 36. h3 gxf4+ 37. Kxf4 Ke6 38. Ke3 Ke7 39. Bd2 Ng8 40. Bb4 Ke6 41. Bxc5 dxc5 42. Bxa4 Ke5 43. Be8 f5 44. gxf5 Kxf5 45. a4 Nf6 46. Bb5 Ke5 47. a5 Kd6 48. Kf4 Nh5+ 49. Kf5 Ng3+ 50. Kg6 h5 51. Kg5 Kc7 52. Kh4 Nf5+ 53. Kxh5 Nd6 54. Kg4 1-0

[Event "FRA-ch Veterans"]
[Site "Val d'Isere"]
[Date "2002.08.??"]
[Round "7.2"]
[White "Huguet, Bernard"]
[Black "Vaisman, Volodia"]
[Result "0-1"]
[WhiteElo "2168"]
[BlackElo "2381"]
[PlyCount "104"]
[EventDate "2002.08.20"]
[EventType "swiss"]
[EventRounds "11"]
[EventCountry "FRA"]
[SourceTitle "EXT 2003"]
[Source "ChessBase"]
[SourceDate "2002.11.25"]
[SourceVersion "1"]
[SourceVersionDate "2002.11.25"]
[SourceQuality "1"]

1. c4 e5 2. Nc3 d6 3. g3 g6 4. Bg2 Bg7 5. d3 Ne7 6. e4 0-0 7. Nge2 Be6 8. 0-0 Qd7 9. Be3 c6 10. f4 Na6 11. Qd2 Nc7 12. b3 d5 13. exd5 cxd5 14. fxe5 Bxe5 15. d4 Bg7 16. c5 Bh3 17. Bxh3 Qxh3 18. Nf4 Qd7 19. Kg2 Nf5 20. Bg1 Rad8 21. Rae1 Ne6 22. Nxe6 fxe6 23. Qd3 Rfe8 24. Rd1 a6 25. Rfe1 Qc6 26. Bf2 e5 27. dxe5 d4+ 28. Ne4 Rxe5 29. g4 Rde8 30. gxf5 Rxe4 31. Rxe4 Rxe4 32. Qc4+ Kf8 33. Kg1 gxf5 34. Bg3 Bh6 35. Bd6+ Kg7 36. h3 Be3+ 37. Kh2 Qb5 38. Qxb5 axb5 39. a4 bxa4 40. bxa4 Kf6 41. Rd3 Ke6 42. Rb3 Kd5 43. Rxb7 d3 44. Rb1 Rxa4 45. Kg2 Bxc5 46. Bxc5 Kxc5 47. Kf3 Rh4 48. Kg3 Rd4 49. Kf3 d2 50. Ke2 d1Q+ 51. Rxd1 Rxd1 52. Kxd1 Kd4 0-1

[Event "FRA-ch Veterans"]
[Site "Val d'Isere"]
[Date "2002.08.??"]
[Round "10.1"]
[White "Vaisman, Volodia"]
[Black "Molet, Asher"]
[Result "1-0"]
[WhiteElo "2381"]
[BlackElo "2049"]
[PlyCount "77"]
[EventDate "2002.08.20"]
[EventType "swiss"]
[EventRounds "11"]
[EventCountry "FRA"]
[SourceTitle "EXT 2003"]
[Source "ChessBase"]
[SourceDate "2002.11.25"]
[SourceVersion "1"]
[SourceVersionDate "2002.11.25"]
[SourceQuality "1"]

1. c4 e6 2. Nf3 d5 3. b3 Nf6 4. Bb2 Be7 5. e3 0-0 6. Nc3 c5 7. cxd5 Nxd5 8. Nxd5 exd5 9. Be2 Nc6 10. 0-0 d4 11. Bb5 dxe3 12. dxe3 Qb6 13. Qe2 Bg4 14. Bc3 a6 15. Bc4 Na5 16. Bd5 Bf6 17. Qd2 Bxc3 18. Qxc3 Rac8 19. Rac1 Bxf3 20. gxf3 Qb4 21. Qc2 b6 22. Qf5 Rc7 23. Be4 g6 24. Qf6 c4 25. Rfd1 Nb7 26. Bxb7 Rxb7 27. Rxc4 Qa5 28. Ra4 Qb5 29. Rad4 Qa5 30. h4 Qh5 31. Kg2 Qh6 32. Rd6 Re8 33. Rd8 Rb8 34. Rxb8 Rxb8 35. Rd8+ Rxd8 36. Qxd8+ Kg7 37. Qd4+ Kf8 38. Kg3 g5 39. Qd8+ 1-0

[Event "EU-ch Seniors 01st"]
[Site "Saint Vincent"]
[Date "2001.09.22"]
[Round "8"]
[White "Chehlov, Aleksander"]
[Black "Vaisman, Volodia"]
[Result "1/2-1/2"]
[WhiteElo "2267"]
[BlackElo "2398"]
[PlyCount "87"]
[EventDate "2001.09.15"]
[EventType "swiss"]
[EventRounds "9"]
[EventCountry "ITA"]
[SourceTitle "CBM 084 Extra"]
[Source "ChessBase"]
[SourceDate "2001.10.26"]
[SourceVersion "1"]
[SourceVersionDate "2001.10.26"]
[SourceQuality "1"]

1. e4 c5 2. Nf3 d6 3. d4 cxd4 4. Nxd4 Nf6 5. Nc3 a6 6. Bg5 e6 7. f4 Qc7 8. Qf3 b5 9. Bxf6 gxf6 10. a3 Nc6 11. Nxc6 Qxc6 12. f5 Be7 13. fxe6 fxe6 14. Qh5+ Kd8 15. 0-0-0 Bd7 16. Be2 Qc5 17. Qxc5 dxc5 18. Bg4 Kc7 19. Rxd7+ Kxd7 20. Rd1+ Kc6 21. Bxe6 Rad8 22. Nd5 Bd6 23. g3 Be5 24. Ne7+ Kc7 25. Bd5 Rhe8 26. Nf5 Rd7 27. c3 a5 28. Kc2 Kb6 29. a4 b4 30. Ne3 h5 31. Rf1 Rg7 32. Rf2 Kc7 33. Nc4 h4 34. gxh4 Rh8 35. Nxa5 bxc3 36. bxc3 Rxh4 37. Nc4 Rxh2 38. Rxh2 Bxh2 39. a5 Kb8 40. a6 Bc7 41. Kb3 Rg3 42. Ka4 Rxc3 43. Kb5 Rxc4 44. Kxc4 1/2-1/2

[Event "FRA-ch Seniors op"]
[Site "Marseille"]
[Date "2001.??.??"]
[Round "9"]
[White "Vaisman, Volodia"]
[Black "Rosenfeld, Imre"]
[Result "1-0"]
[WhiteElo "2392"]
[BlackElo "2032"]
[PlyCount "53"]
[EventDate "2001.??.??"]
[EventType "swiss"]
[EventRounds "9"]
[EventCountry "FRA"]
[SourceTitle "EXT 2002"]
[Source "ChessBase"]
[SourceDate "2001.11.25"]
[SourceVersion "1"]
[SourceVersionDate "2001.11.25"]
[SourceQuality "1"]

1. Nf3 d5 2. c4 c6 3. d4 Nf6 4. Nc3 dxc4 5. e4 b5 6. e5 Nd5 7. a4 e6 8. Ng5 Bb4 9. Qh5 g6 10. Qf3 0-0 11. Qh3 h5 12. Bd2 Nd7 13. Be2 Bb7 14. Bxh5 gxh5 15. Qxh5 N5f6 16. Qh6 Bxc3 17. Bxc3 Qe7 18. exf6 Nxf6 19. d5 e5 20. dxc6 Bxc6 21. axb5 Be4 22. 0-0 Bg6 23. Rfe1 Nd7 24. f4 Rfe8 25. fxe5 Qc5+ 26. Kh1 Nxe5 27. Nf3 1-0

[Event "FRA-ch op Veterans"]
[Site "Vichy"]
[Date "2000.08.25"]
[Round "8"]
[White "Molet, Asher"]
[Black "Vaisman, Volodia"]
[Result "0-1"]
[WhiteElo "2057"]
[BlackElo "2389"]
[PlyCount "82"]
[EventDate "2000.08.16"]
[EventType "swiss"]
[EventRounds "11"]
[EventCountry "FRA"]
[SourceTitle "EXT 2001"]
[Source "ChessBase"]
[SourceDate "2000.11.22"]
[SourceVersion "1"]
[SourceVersionDate "2000.11.22"]
[SourceQuality "1"]

1. d4 g6 2. Nf3 Bg7 3. c4 d6 4. Nc3 Nd7 5. e4 e5 6. Be2 c6 7. 0-0 Nh6 8. dxe5 dxe5 9. Qd6 f6 10. Qe6+ Qe7 11. Qxe7+ Kxe7 12. h3 Nf7 13. Be3 Bh6 14. Bxh6 Nxh6 15. b4 Nf8 16. c5 Be6 17. Nd2 Nf7 18. Nc4 Bxc4 19. Bxc4 Ne6 20. Bxe6 Kxe6 21. Rfd1 Rhd8 22. f3 Ke7 23. h4 Rxd1+ 24. Rxd1 Nd8 25. Kf2 Ne6 26. Ne2 a5 27. b5 Nxc5 28. Nc3 Rd8 29. Rxd8 Kxd8 30. Ke3 Kc7 31. g4 Kd6 32. bxc6 bxc6 33. Ne2 Ne6 34. Kd3 Kc5 35. Kc3 a4 36. Nc1 Nf4 37. a3 h5 38. Na2 Ng2 39. g5 fxg5 40. hxg5 h4 41. Nb4 Ne1 0-1

[Event "FRA-chT 9900"]
[Site "France"]
[Date "2000.04.02"]
[Round "7.8"]
[White "Moracchini, Fabrice"]
[Black "Vaisman, Volodia"]
[Result "1/2-1/2"]
[WhiteElo "2298"]
[BlackElo "2385"]
[PlyCount "76"]
[EventDate "1999.02.04"]
[EventType "team"]
[EventRounds "11"]
[EventCountry "FRA"]
[SourceTitle "EXT 2001"]
[Source "ChessBase"]
[SourceDate "2000.11.22"]
[SourceVersion "1"]
[SourceVersionDate "2000.11.22"]
[SourceQuality "1"]

1. d4 c5 2. d5 e5 3. c4 d6 4. Nc3 Be7 5. Nf3 Nf6 6. h3 Nbd7 7. e4 Nf8 8. a3 Ng6 9. Bd3 h5 10. h4 Ng4 11. g3 Nf8 12. Bd2 g6 13. Qe2 a6 14. Ng5 f6 15. Nh3 Kf7 16. f3 Nh6 17. Be3 Rb8 18. b4 b6 19. b5 Ra8 20. a4 Kg7 21. 0-0-0 Bd7 22. Kb2 axb5 23. axb5 Nf7 24. Nf2 f5 25. exf5 gxf5 26. Qc2 Qc8 27. Ra1 Rxa1 28. Rxa1 Bf6 29. Kb3 Ng6 30. Ra6 Bd8 31. Ra7 Ne7 32. Bc1 Rg8 33. Ne2 Kf8 34. Qa2 f4 35. Ra8 Qc7 36. Ra7 Qc8 37. Ra8 Qc7 38. Ra7 Qc8 1/2-1/2

[Event "FRA-chT 9900"]
[Site "France"]
[Date "2000.04.01"]
[Round "6.8"]
[White "Vaisman, Volodia"]
[Black "Carton, Camille"]
[Result "1/2-1/2"]
[WhiteElo "2385"]
[BlackElo "2199"]
[PlyCount "122"]
[EventDate "1999.02.04"]
[EventType "team"]
[EventRounds "11"]
[EventCountry "FRA"]
[SourceTitle "EXT 2001"]
[Source "ChessBase"]
[SourceDate "2000.11.22"]
[SourceVersion "1"]
[SourceVersionDate "2000.11.22"]
[SourceQuality "1"]

1. c4 c6 2. e4 d5 3. exd5 cxd5 4. cxd5 Nf6 5. Nc3 Nxd5 6. Nf3 Nc6 7. d4 Bg4 8. Qb3 Nxc3 9. bxc3 Bxf3 10. gxf3 Qa5 11. Bd2 0-0-0 12. Rb1 Qc7 13. f4 e6 14. Bg2 Bd6 15. 0-0 g5 16. f5 Bxh2+ 17. Kh1 Bf4 18. Be3 Rd6 19. fxe6 fxe6 20. Rfe1 Nd8 21. Kg1 Bxe3 22. Rxe3 Rb6 23. Qc2 Rxb1+ 24. Qxb1 Rf8 25. Re5 Kb8 26. Qb4 Rf7 27. Qa3 g4 28. Qc1 Nc6 29. Rxe6 Re7 30. Qe3 Rxe6 31. Qxe6 Nd8 32. Qxg4 Qxc3 33. d5 Qe1+ 34. Bf1 Qe5 35. Bh3 Qc7 36. Kg2 a6 37. Qg3 Qxg3+ 38. Kxg3 Kc7 39. Kf4 Kd6 40. Ke4 b5 41. Kd4 h5 42. f4 h4 43. Bg2 Nf7 44. Ke4 a5 45. Kd4 Nh6 46. Bh3 Ng8 47. Bf1 Nf6 48. Bxb5 Nxd5 49. f5 h3 50. Be2 Nb4 51. a4 Nc2+ 52. Ke4 Ne1 53. Bf3 Ke7 54. Kf4 Kf6 55. Be4 h2 56. Kg3 Ke5 57. Bc6 Kxf5 58. Kxh2 Nd3 59. Kg3 Ke5 60. Bb5 Nb2 61. Kf3 Kd6 1/2-1/2

[Event "Cannes op"]
[Site "Cannes"]
[Date "2000.02.25"]
[Round "6"]
[White "Vaisman, Volodia"]
[Black "Duverlie, Vincent"]
[Result "1-0"]
[WhiteElo "2385"]
[BlackElo "2193"]
[PlyCount "113"]
[EventDate "2000.02.20"]
[EventType "swiss"]
[EventRounds "9"]
[EventCountry "FRA"]
[SourceTitle "EXT 2001"]
[Source "ChessBase"]
[SourceDate "2000.11.22"]
[SourceVersion "1"]
[SourceVersionDate "2000.11.22"]
[SourceQuality "1"]

1. d4 f5 2. Nc3 d5 3. Bf4 c6 4. e3 Nf6 5. Bd3 e6 6. Nf3 Be7 7. 0-0 0-0 8. Ne2 Bd7 9. c3 Be8 10. Qb3 Qc8 11. Bxb8 Rxb8 12. Ne5 Bd6 13. f4 Bh5 14. Ng3 Qe8 15. c4 Bg6 16. cxd5 cxd5 17. Rac1 Qe7 18. h3 Rfc8 19. Rc2 Be8 20. Rfc1 Rxc2 21. Qxc2 Ne4 22. Nxe4 fxe4 23. Be2 a6 24. a3 h6 25. Kh2 Kh7 26. g3 Bd7 27. Nxd7 Qxd7 28. Bg4 Qe8 29. h4 Qe7 30. Qg2 g6 31. Qh3 Re8 32. Qg2 Kg7 33. Qc2 Rf8 34. Kg2 Rg8 35. Qe2 Kh8 36. Bh3 Qf6 37. Qg4 Re8 38. h5 g5 39. fxg5 Qxg5 40. Qxg5 hxg5 41. Bg4 e5 42. Rc8 Rxc8 43. Bxc8 exd4 44. exd4 Bc7 45. Kf2 e3+ 46. Kxe3 Bxg3 47. Bxb7 Bf4+ 48. Kd3 g4 49. Bxd5 Bc1 50. Kc3 Kg7 51. a4 Kh6 52. Bb7 g3 53. Bf3 g2 54. Bxg2 Kxh5 55. a5 Be3 56. Bb7 Bf2 57. b4 1-0

[Event "Cannes masters k.o."]
[Site "Cannes"]
[Date "2000.02.19"]
[Round "1.2"]
[White "Vaisman, Volodia"]
[Black "Fressinet, Laurent"]
[Result "1/2-1/2"]
[WhiteElo "2385"]
[BlackElo "2501"]
[PlyCount "72"]
[EventDate "2000.02.19"]
[EventType "k.o."]
[EventRounds "5"]
[EventCountry "FRA"]
[SourceTitle "CBM 076"]
[Source "ChessBase"]
[SourceDate "2000.05.31"]
[SourceVersion "1"]
[SourceVersionDate "2000.05.31"]
[SourceQuality "1"]

1. c4 e5 2. Nc3 Nc6 3. Nf3 f5 4. d4 e4 5. Ng5 Bb4 6. g3 Qf6 7. a3 Bxc3+ 8. bxc3 Nge7 9. h4 Na5 10. e3 b6 11. Qa4 Ba6 12. c5 Bxf1 13. Kxf1 Qc6 14. Qxc6 Nexc6 15. cxb6 axb6 16. Nh3 Nb3 17. Rb1 Nxc1 18. Rxc1 Rxa3 19. Nf4 Ne7 20. c4 Kf7 21. Kg2 Rha8 22. g4 fxg4 23. Kg3 Ra2 24. Rhf1 g6 25. Kxg4 h5+ 26. Kh3 R8a3 27. Nd5 Nxd5 28. cxd5 Ra7 29. f3 exf3 30. Rxf3+ Ke7 31. Rg1 Ra1 32. Rxg6 Rh1+ 33. Kg2 Rxh4 34. Rg7+ Ke8 35. Rg8+ Ke7 36. Rg7+ Ke8 1/2-1/2